[Event "VII Trofeo Giovanni Pico A"]
[Site "Mirandola ITA"]
[Date "2014.01.12"]
[Round "4"]
[White "Cavicchi, Francesco"]
[Black "Guzzetti, Luigi Enrico"]
[WhiteElo "1705"]
[BlackElo "1907"]
[Result "1-0"]
[PlyCount "169"]
[EventDate "2014.01.10"]

1. d4 Nf6 2. Nf3 g6 3. c4 Bg7 4. Nc3 O-O 5. e4 d6 6. h3 c5 7. d5 e6 8. Be3 exd5
9. exd5 Re8 10. Bd3 Nbd7 11. O-O a6 12. a4 Qb6 13. Qd2 Ne5 14. Nxe5 Rxe5 15.
Rfe1 Bd7 16. Re2 Rae8 17. Rae1 Nh5 18. g4 Nf6 19. Bf4 Rxe2 20. Rxe2 Rxe2 21.
Qxe2 Qd8 22. Qc2 Qe7 23. Kg2 h6 24. a5 g5 25. Bg3 h5 26. f3 h4 27. Bh2 Ne8 28.
Qd2 Kf8 29. Ne4 Bh6 30. Qc3 Kg8 31. Bxd6 Nxd6 32. Nf6+ Kf8 33. Nxd7+ Ke8 34.
Nf6+ Kf8 35. Nh5 f6 36. Qxf6+ Qxf6 37. Nxf6 Bg7 38. Nd7+ Ke7 39. Nxc5 Bxb2 40.
Kf1 Ba3 41. Nb3 Nf7 42. c5 Ne5 43. Ke2 Nd7 44. c6 bxc6 45. dxc6 Ne5 46. Bxa6
Nxc6 47. Bb5 Na7 48. Bd3 Kd6 49. a6 Kd5 50. Be4+ Kc4 51. Nd2+ Kd4 52. Bb7 Kc3
53. Ne4+ Kd4 54. Nxg5 Ke5 55. Nf7+ Ke6 56. Nd8+ Kd7 57. Nf7 Bb2 58. f4 Bd4 59.
Ng5 Nc6 60. Bxc6+ Kxc6 61. Nf3 Bc5 62. Nxh4 Kb6 63. f5 Be7 64. Ng6 Bf6 65. h4
Kxa6 66. g5 Bb2 67. f6 Kb6 68. f7 Bg7 69. f8=Q Bxf8 70. Nxf8 Kc7 71. Kf3 Kd8
72. Kg4 Ke7 73. Ng6+ Kf7 74. Kf5 Kg7 75. Ne5 Kh7 76. h5 Kg7 77. Ke6 Kh7 78. g6+
Kg7 79. Ng4 Kg8 80. Nf2 Kg7 81. Ke7 Kg8 82. h6 Kh8 83. Ng4 Kg8 84. Nf6+ Kh8 85.
g7# 1-0

[Event "VII Trofeo Giovanni Pico A"]
[Site "Mirandola ITA"]
[Date "2014.01.12"]
[Round "4"]
[White "Di Biccari, Alessandro"]
[Black "Bianchin, Raffaele"]
[WhiteElo "1509"]
[BlackElo "1761"]
[Result "0-1"]
[PlyCount "136"]
[EventDate "2014.01.10"]

1. e4 c5 2. Nc3 Nc6 3. f4 d6 4. Nf3 g6 5. Bc4 Bg4 6. h3 Bxf3 7. Qxf3 a6 8. d3
e6 9. Be3 Bg7 10. f5 Ne5 11. Qf2 Nxc4 12. dxc4 b5 13. fxe6 fxe6 14. O-O Nf6 15.
cxb5 O-O 16. Qe2 axb5 17. e5 Nd5 18. Rxf8+ Qxf8 19. Rf1 Qd8 20. Nxd5 exd5 21.
exd6 Qxd6 22. Qxb5 Rb8 23. Qa5 Qb6 24. Qxb6 Rxb6 25. b3 d4 26. Bd2 Ra6 27. a4
c4 28. Rf3 d3 29. bxc4 dxc2 30. Rb3 Rxa4 31. Rb8+ Kf7 32. Rb7+ Kf6 33. Rb6+ Kf5
34. g4+ Ke5 35. Kf2 Ra1 36. Rb7 Bf8 37. Rxh7 c1=Q 38. Bxc1 Rxc1 39. Rc7 Rc2+
40. Ke3 Rc3+ 41. Kd2 Rxh3 42. Rc6 g5 43. Rg6 Bb4+ 44. Ke2 Rh2+ 45. Kf3 Bd2 46.
Rg8 Bf4 47. Re8+ Kd6 48. Ra8 Rh3+ 49. Ke4 Rc3 50. Ra6+ Kc5 51. Ra8 Rxc4+ 52.
Kf5 Kd6 53. Ra6+ Rc6 54. Rxc6+ Kxc6 55. Ke4 Kc5 56. Kf3 Kd4 57. Kg2 Ke3 58. Kh3
Bc7 59. Kg2 Kf4 60. Kh3 Bd6 61. Kg2 Kxg4 62. Kg1 Kg3 63. Kh1 g4 64. Kg1 Kf3 65.
Kh1 Bf8 66. Kg1 g3 67. Kh1 g2+ 68. Kg1 Bc5+ 0-1

[Event "VII Trofeo Giovanni Pico A"]
[Site "Mirandola ITA"]
[Date "2014.01.12"]
[Round "4"]
[White "Khudovekov, Nikolay"]
[Black "Vincenzi, Marco"]
[WhiteElo "1733"]
[BlackElo "2062"]
[Result "0-1"]
[PlyCount "80"]
[EventDate "2014.01.10"]

1. d4 Nf6 2. Nf3 c5 3. e3 g6 4. Bd3 Bg7 5. O-O O-O 6. b3 d6 7. Bb2 Nc6 8. a3
Qc7 9. d5 Nxd5 10. Bxg7 Kxg7 11. Qd2 Nf6 12. Nc3 a6 13. Ne4 Nxe4 14. Bxe4 f5
15. Bd5 Rf6 16. Rad1 Bd7 17. Rfe1 e5 18. b4 cxb4 19. axb4 Ne7 20. Bb3 Bc6 21.
Ng5 d5 22. c4 Rd8 23. e4 h6 24. cxd5 hxg5 25. Qc1 f4 26. Ba4 b5 27. Bb3 Qb6 28.
dxc6 Nxc6 29. Rxd8 Qxd8 30. Rd1 Nd4 31. Qc5 Qd6 32. Qc8 Rf8 33. Qb7+ Kh6 34.
Bd5 Qxb4 35. Qxa6 f3 36. Qb6 Qa3 37. Be6 Ne2+ 38. Kf1 fxg2+ 39. Kxg2 Qf3+ 40.
Kf1 Nd4 0-1

[Event "VII Trofeo Giovanni Pico A"]
[Site "Mirandola ITA"]
[Date "2014.01.12"]
[Round "4"]
[White "Khudovekov, Stanislav"]
[Black "La Venia, Stefano"]
[WhiteElo "2036"]
[BlackElo "1997"]
[Result "1-0"]
[PlyCount "85"]
[EventDate "2014.01.10"]

1. g3 e5 2. c4 Nf6 3. Bg2 Bc5 4. Nc3 a6 5. Nf3 Nc6 6. O-O O-O 7. d3 d6 8. Bg5
h6 9. Bxf6 Qxf6 10. Ne4 Qe7 11. Nxc5 dxc5 12. Ne1 Nd4 13. e3 Nf5 14. Qb3 Rb8
15. Qc3 b6 16. Nc2 Bb7 17. Bxb7 Rxb7 18. b4 Ra8 19. bxc5 Qxc5 20. d4 exd4 21.
exd4 Qc6 22. Nb4 Qe4 23. Nc2 c5 24. dxc5 bxc5 25. Rfe1 Qc6 26. Qe5 Nd6 27. Ne3
Rb4 28. Nd5 Rb7 29. Ne7+ Rxe7 30. Qxe7 Nxc4 31. Rad1 Nb6 32. Rd8+ Rxd8 33.
Qxd8+ Kh7 34. Qd3+ Kg8 35. Qxa6 c4 36. Rb1 c3 37. Qxb6 c2 38. Qb8+ Kh7 39. Rc1
Qd5 40. Qb4 f5 41. Qe1 Qd3 42. a4 f4 43. a5 1-0

[Event "VII Trofeo Giovanni Pico A"]
[Site "Mirandola ITA"]
[Date "2014.01.12"]
[Round "4"]
[White "Modena, Giorgio"]
[Black "Paoli, Walter"]
[WhiteElo "1932"]
[BlackElo "1999"]
[Result "1/2-1/2"]
[PlyCount "99"]
[EventDate "2014.01.10"]

1. e4 c6 2. d4 d5 3. exd5 cxd5 4. Bd3 Nc6 5. c3 Nf6 6. Bf4 Bg4 7. Qb3 Qc8 8.
Nd2 e6 9. Ngf3 Be7 10. O-O O-O 11. Rfe1 a6 12. Rac1 b5 13. h3 Bh5 14. Qc2 Bg6
15. Ne5 Nxe5 16. Bxe5 Ne8 17. Nf3 Nd6 18. Bxd6 Bxd6 19. Ne5 Bxd3 20. Qxd3 Bxe5
21. Rxe5 Qc4 22. Qxc4 bxc4 23. Re2 Rfb8 24. Kf1 Rb5 25. Ke1 Rab8 26. Rcc2 a5
27. f4 Kf8 28. Kd1 a4 29. a3 Ke7 30. Kc1 Kd6 31. Re3 R5b7 32. Rf2 f6 33. Rfe2
Re7 34. h4 Rbe8 35. Kd2 e5 36. dxe5+ fxe5 37. fxe5+ Rxe5 38. Rxe5 Rxe5 39. Rf2
Re4 40. g3 Ke5 41. Rf3 h6 42. Rf8 Rg4 43. Rf3 d4 44. cxd4+ Kxd4 45. Ke2 g5 46.
hxg5 Rxg5 47. Kd2 h5 48. Rf4+ Kc5 49. Rf3 Kd4 50. Rf4+ 1/2-1/2

[Event "VII Trofeo Giovanni Pico A"]
[Site "Mirandola ITA"]
[Date "2014.01.12"]
[Round "4"]
[White "Rondelli, Roberto"]
[Black "Guaragno, Michele"]
[WhiteElo "1729"]
[BlackElo "1965"]
[Result "1/2-1/2"]
[PlyCount "95"]
[EventDate "2014.01.10"]

1. d4 d5 2. c4 e6 3. g3 Nf6 4. Bg2 c6 5. Nf3 Bb4+ 6. Bd2 Bxd2+ 7. Nbxd2 O-O 8.
O-O Nbd7 9. Qc2 h6 10. e4 dxe4 11. Nxe4 Nxe4 12. Qxe4 Nf6 13. Qc2 Qc7 14. c5
Rd8 15. Rfd1 Bd7 16. Ne5 Be8 17. Nc4 Bd7 18. f4 b5 19. Ne5 Be8 20. Bf3 a5 21.
Qg2 Nd5 22. Kf2 Rac8 23. Bxd5 Rxd5 24. Rd2 Rcd8 25. Rad1 f6 26. Nf3 Bh5 27. g4
Bf7 28. Qg3 a4 29. h4 Kf8 30. Ne1 R5d7 31. a3 Kg8 32. Nc2 e5 33. fxe5 fxe5 34.
Nb4 Bb3 35. Re1 Rf7+ 36. Kg1 exd4 37. Qxc7 Rxc7 38. Re4 d3 39. Rxd3 Rxd3 40.
Nxd3 Bc2 41. Rd4 Bxd3 42. Rxd3 Kf7 43. Rd6 Ke7 44. Kf2 Kf7 45. Ke3 Re7+ 46. Kd3
Re6 47. Rd7+ Kf6 48. Kd4 1/2-1/2

[Event "VII Trofeo Giovanni Pico A"]
[Site "Mirandola ITA"]
[Date "2014.01.12"]
[Round "4"]
[White "Sacchetti, Andrea"]
[Black "Ravagnani, Tiziano"]
[WhiteElo "1890"]
[BlackElo "1995"]
[Result "0-1"]
[PlyCount "90"]
[EventDate "2014.01.10"]

1. d4 d5 2. c4 e6 3. Nc3 Nf6 4. Bg5 c5 5. e3 cxd4 6. exd4 Bb4 7. Bxf6 Qxf6 8.
Nf3 Nc6 9. a3 Bxc3+ 10. bxc3 O-O 11. Bd3 dxc4 12. Bxc4 e5 13. d5 e4 14. dxc6
exf3 15. Qxf3 Re8+ 16. Kf1 Qxf3 17. gxf3 Bh3+ 18. Kg1 Rac8 19. Bf1 Bxf1 20.
Kxf1 Rxc6 21. Kg2 Rg6+ 22. Kf1 Rc8 23. Rd1 Rgc6 24. Rd3 Rxc3 25. Ke2 Rc2+ 26.
Rd2 g6 27. Rb1 b6 28. Rb3 Kg7 29. Rbd3 R8c5 30. h3 a5 31. Rd6 b5 32. Rb6 Rxd2+
33. Kxd2 Kh6 34. Rb7 Rf5 35. Ke3 Kh5 36. Ra7 a4 37. Rd7 Kh4 38. f4 Kxh3 39. Kf3
g5 40. Rd4 Rf6 41. Ke3 Rxf4 42. Rxf4 gxf4+ 43. Kxf4 h5 44. Kg5 h4 45. f4 Kg3
0-1

[Event "VII Trofeo Giovanni Pico A"]
[Site "Mirandola ITA"]
[Date "2014.01.12"]
[Round "4"]
[White "Setti, Massimo"]
[Black "Moi, Roberto"]
[WhiteElo "1785"]
[BlackElo "1934"]
[Result "1-0"]
[PlyCount "113"]
[EventDate "2014.01.10"]

1. d4 Nf6 2. Nf3 d5 3. Nc3 Bf5 4. e3 e6 5. Nh4 Bb4 6. Nxf5 exf5 7. Qd3 Qd7 8.
a3 Bd6 9. Nb5 Be7 10. c4 c6 11. Nc3 O-O 12. cxd5 cxd5 13. g3 Nc6 14. Bg2 Rac8
15. O-O a6 16. Bd2 Ne4 17. b4 b5 18. Rac1 Qe6 19. Rc2 Nd8 20. Rfc1 Nb7 21. Nd1
Nbd6 22. Rc6 Qd7 23. Rxc8 Rxc8 24. Nb2 Rxc1+ 25. Bxc1 Nc4 26. f3 Ned6 27. Nxc4
bxc4 28. Qc2 Qb5 29. e4 fxe4 30. fxe4 Nxe4 31. Bxe4 dxe4 32. Qxe4 Bf8 33. d5 a5
34. bxa5 Qxa5 35. Qxc4 Bxa3 36. Bxa3 Qxa3 37. Qc8+ Qf8 38. Qc7 Qe8 39. Kf2 Qa8
40. d6 Qa2+ 41. Ke3 Qb3+ 42. Kd4 Qb4+ 43. Kd5 Qb5+ 44. Qc5 Qb7+ 45. Kc4 g6 46.
Qc7 Qe4+ 47. Kc5 Qc2+ 48. Kb6 Qb3+ 49. Kc6 Qa4+ 50. Kb7 Qb5+ 51. Kc8 Qa6+ 52.
Kd7 Qb5+ 53. Qc6 Qe5 54. Kc8 Qe6+ 55. Kc7 Kg7 56. d7 Qe7 57. Qd6 1-0

[Event "VII Trofeo Giovanni Pico A"]
[Site "Mirandola ITA"]
[Date "2014.01.12"]
[Round "4"]
[White "Solinas, Roberto"]
[Black "Ballista, Massimiliano"]
[WhiteElo "1725"]
[BlackElo "1800"]
[Result "0-1"]
[PlyCount "80"]
[EventDate "2014.01.10"]

1. e4 e5 2. Nf3 Nc6 3. Bb5 a6 4. Ba4 Nf6 5. Qe2 Be7 6. c3 b5 7. Bb3 d6 8. O-O
O-O 9. Rd1 Bg4 10. d4 Re8 11. d5 Nb8 12. Nbd2 Nbd7 13. h3 Bxf3 14. Qxf3 g6 15.
Nf1 Nh5 16. g4 Ng7 17. Bh6 Bg5 18. Bxg5 Qxg5 19. Qg3 Nf6 20. Bc2 h5 21. gxh5
Qxh5 22. Ne3 Qh7 23. Ng4 Ngh5 24. Nxf6+ Nxf6 25. Kh2 Nh5 26. Qh4 Kg7 27. Rg1
Rh8 28. Rg4 Qg8 29. Qe7 Nf4 30. Rg3 Qh7 31. Qd7 Qh4 32. Rh1 Nxh3 33. Qxh3 Qf4
34. Kg2 Rxh3 35. Rgxh3 Qd2 36. Bd1 Qxb2 37. Bb3 a5 38. Rh7+ Kf6 39. R1h3 Rf8
40. Rf3+ Ke7 0-1

[Event "VII Trofeo Giovanni Pico A"]
[Site "Mirandola ITA"]
[Date "2014.01.12"]
[Round "4"]
[White "Zuccaro, Guido"]
[Black "Albano, Axel"]
[WhiteElo "1702"]
[BlackElo "1631"]
[Result "1-0"]
[PlyCount "57"]
[EventDate "2014.01.10"]

1. c4 Nf6 2. Nc3 d6 3. d4 g6 4. e4 Bg7 5. f3 O-O 6. Be3 Nbd7 7. Nh3 c5 8. d5
Qa5 9. Qd2 Ne5 10. Nf2 Qb4 11. b3 Nfd7 12. Rc1 a6 13. Be2 a5 14. O-O Nb6 15. f4
Ned7 16. Nd3 Bxc3 17. Rxc3 Qa3 18. Qc2 a4 19. Bc1 axb3 20. axb3 Qa2 21. Bb2 Qa7
22. e5 dxe5 23. Nxe5 Nf6 24. Rg3 Bf5 25. Qxf5 Kh8 26. Qc2 Qb8 27. f5 Ra2 28.
Nd3 Nbd7 29. Bxf6+ 1-0

[Event "VII Trofeo Giovanni Pico A"]
[Site "Mirandola ITA"]
[Date "2014.01.12"]
[Round "5"]
[White "Albano, Axel"]
[Black "Calcagnile, Alessandra"]
[WhiteElo "1631"]
[BlackElo "1548"]
[Result "0-1"]
[PlyCount "58"]
[EventDate "2014.01.10"]

1. d4 d5 2. Nf3 e6 3. Bf4 c5 4. c3 Nf6 5. e3 Nc6 6. Nbd2 cxd4 7. cxd4 Bd6 8.
Bxd6 Qxd6 9. Bb5 a6 10. Ba4 b5 11. Bb3 O-O 12. O-O Bb7 13. Rc1 Rac8 14. Qe2
Rfe8 15. Rfd1 e5 16. dxe5 Nxe5 17. Rxc8 Bxc8 18. Nxe5 Rxe5 19. Nf3 Re8 20. Qd3
Bb7 21. Bxd5 Bxd5 22. e4 Rxe4 23. Ng5 Re8 24. Qc3 Qe7 25. Nf3 Bxa2 26. b3 Qe6
27. Nd4 Qd5 28. Qb2 Bxb3 29. Qxb3 Qxd4 0-1

[Event "VII Trofeo Giovanni Pico A"]
[Site "Mirandola ITA"]
[Date "2014.01.12"]
[Round "5"]
[White "Ballista, Massimiliano"]
[Black "Moi, Roberto"]
[WhiteElo "1800"]
[BlackElo "1934"]
[Result "1/2-1/2"]
[PlyCount "80"]
[EventDate "2014.01.10"]

1. e4 e5 2. Bc4 Nf6 3. d3 c6 4. Nf3 d5 5. exd5 cxd5 6. Bb5+ Bd7 7. Bxd7+ Nbxd7
8. O-O Bd6 9. Bg5 O-O 10. Nc3 Qb6 11. Rb1 Rac8 12. Re1 Rfe8 13. Qd2 a6 14. a3
Bb8 15. Ne2 Ba7 16. Be3 d4 17. Bg5 Qc5 18. Rbc1 Qd6 19. Ng3 Qe6 20. Bxf6 Qxf6
21. Ne4 Qg6 22. Qe2 Bb8 23. Nh4 Qe6 24. Qh5 Nf6 25. Qg5 Nxe4 26. Rxe4 g6 27. g4
Qe7 28. Qh6 Qf8 29. Qg5 Qe7 30. Qh6 Qf8 31. Qd2 h6 32. Kh1 Kh7 33. g5 h5 34.
Rce1 Qc5 35. R1e2 Re6 36. f4 exf4 37. Rxe6 fxe6 38. Rxe6 Qd5+ 39. Re4 Qxg5 40.
Nf3 Qf6 1/2-1/2

[Event "VII Trofeo Giovanni Pico A"]
[Site "Mirandola ITA"]
[Date "2014.01.12"]
[Round "5"]
[White "Bianchin, Raffaele"]
[Black "Cartegni, Aldo"]
[WhiteElo "1761"]
[BlackElo "1447"]
[Result "1-0"]
[PlyCount "77"]
[EventDate "2014.01.10"]

1. e4 d6 2. d4 Nf6 3. f3 g6 4. Be3 Bg7 5. Qd2 e5 6. dxe5 dxe5 7. Qxd8+ Kxd8 8.
Bc4 Ke8 9. Nc3 c6 10. O-O-O b5 11. Bb3 a5 12. a4 b4 13. Nb1 Nbd7 14. Nd2 Bf8
15. Nc4 Bc5 16. Bxc5 Nxc5 17. Nxe5 Nxb3+ 18. cxb3 Be6 19. Nc4 Ke7 20. Ne2 c5
21. Nf4 Rhd8 22. Rxd8 Rxd8 23. Nxe6 Kxe6 24. Rd1 Rd4 25. Nxa5 Nd7 26. Rxd4 cxd4
27. Nc6 d3 28. Kd2 Nc5 29. Nxb4 Nxb3+ 30. Kxd3 Nc5+ 31. Kc4 Nxa4 32. Nd3 Nb6+
33. Kc5 Nd7+ 34. Kc6 g5 35. Nc5+ Nxc5 36. Kxc5 Kd7 37. Kd5 f6 38. b4 Kc7 39.
Ke6 1-0

[Event "VII Trofeo Giovanni Pico A"]
[Site "Mirandola ITA"]
[Date "2014.01.12"]
[Round "5"]
[White "Castellari, Claudio"]
[Black "Setti, Massimo"]
[WhiteElo "1637"]
[BlackElo "1785"]
[Result "0-1"]
[PlyCount "72"]
[EventDate "2014.01.10"]

1. d4 Nf6 2. c4 e6 3. Nf3 d5 4. Nc3 c6 5. e3 Nbd7 6. Qc2 Bd6 7. b3 O-O 8. Bb2
Re8 9. Bd3 dxc4 10. bxc4 c5 11. O-O cxd4 12. exd4 b6 13. Ne4 Be7 14. Nxf6+ Nxf6
15. d5 h6 16. Rad1 exd5 17. cxd5 Bg4 18. Be2 Bd6 19. h3 Rc8 20. Qd2 Bh5 21.
Rfe1 Ne4 22. Qd4 f6 23. Qd3 Bb4 24. Rf1 Bc5 25. Ba3 Bxa3 26. Qxa3 Nc3 27. Ba6
Nxd1 28. Bxc8 Qxd5 29. Qa4 Nc3 30. Qxa7 Rxc8 31. Qxb6 Bxf3 32. gxf3 Ne2+ 33.
Kh2 Qe5+ 34. Kg2 Nf4+ 35. Kh1 Qf5 36. Qb3+ Kh8 0-1

[Event "VII Trofeo Giovanni Pico A"]
[Site "Mirandola ITA"]
[Date "2014.01.12"]
[Round "5"]
[White "Ferronato, Christian"]
[Black "Modena, Giorgio"]
[WhiteElo "1503"]
[BlackElo "1932"]
[Result "0-1"]
[PlyCount "90"]
[EventDate "2014.01.10"]

1. d4 d5 2. Nf3 Nf6 3. c4 c6 4. e3 e6 5. Bd3 dxc4 6. Bxc4 Nbd7 7. O-O b6 8.
Nbd2 Bb7 9. b3 Bd6 10. Bb2 O-O 11. Rc1 Rc8 12. e4 Bb8 13. Qe2 Re8 14. e5 Nd5
15. Bxd5 exd5 16. Qd1 f6 17. exf6 Nxf6 18. Re1 Rxe1+ 19. Qxe1 Qe8 20. Ne5 Bxe5
21. dxe5 Nd7 22. f4 Qe6 23. Nf3 Nc5 24. Rd1 Qg4 25. Qh4 Qxh4 26. Nxh4 g6 27.
Nf3 Ne6 28. g3 c5 29. Nd2 Rf8 30. Rf1 b5 31. Kf2 g5 32. Rg1 Kg7 33. Ke3 Kg6 34.
Rf1 d4+ 35. Kd3 gxf4 36. g4 Rc8 37. h4 h6 38. Rc1 a5 39. Ne4 c4+ 40. bxc4 bxc4+
41. Rxc4 Bxe4+ 42. Kxe4 Rxc4 43. Kd5 Rc2 44. Kxe6 Rxb2 45. h5+ Kg7 0-1

[Event "VII Trofeo Giovanni Pico A"]
[Site "Mirandola ITA"]
[Date "2014.01.12"]
[Round "5"]
[White "Guaragno, Michele"]
[Black "Khudovekov, Nikolay"]
[WhiteElo "1965"]
[BlackElo "1733"]
[Result "1/2-1/2"]
[PlyCount "86"]
[EventDate "2014.01.10"]

1. e4 d6 2. d4 Nf6 3. Nc3 e5 4. dxe5 dxe5 5. Qxd8+ Kxd8 6. Bg5 c6 7. O-O-O+ Ke8
8. a3 Bc5 9. Rd2 Bb6 10. Nf3 Nbd7 11. h3 Bc7 12. Bc4 a5 13. a4 h6 14. Bh4 g5
15. Bg3 Ke7 16. Nh2 Nh5 17. Rf1 f6 18. Ng4 Nxg3 19. fxg3 h5 20. Ne3 Nb6 21. Bb3
Be6 22. Bxe6 Kxe6 23. Nf5 Nc4 24. Ng7+ Ke7 25. Nf5+ Ke6 26. Rd3 Nd6 27. Nxd6
Bxd6 28. Nd1 Bc5 29. Ne3 Bxe3+ 30. Rxe3 Rad8 31. Rd3 Rxd3 32. cxd3 Rd8 33. Kd2
Rd4 34. b3 b5 35. axb5 cxb5 36. Rc1 a4 37. Rc6+ Rd6 38. Rc5 Rb6 39. b4 Kd6 40.
Rc8 Ra6 41. Kc2 Rc6+ 42. Rxc6+ Kxc6 43. g4 h4 1/2-1/2

[Event "VII Trofeo Giovanni Pico A"]
[Site "Mirandola ITA"]
[Date "2014.01.12"]
[Round "5"]
[White "Guzzetti, Luigi Enrico"]
[Black "Zuccaro, Guido"]
[WhiteElo "1907"]
[BlackElo "1702"]
[Result "1-0"]
[PlyCount "135"]
[EventDate "2014.01.10"]

1. e4 e6 2. d4 d5 3. e5 c5 4. c3 Nc6 5. Nf3 cxd4 6. cxd4 Nh6 7. Bd3 Nf5 8. O-O
Nfxd4 9. Nxd4 Nxd4 10. Nc3 Nc6 11. Re1 Be7 12. Qg4 g6 13. Bh6 a6 14. Rad1 Qc7
15. Qg3 Bd7 16. Rc1 Qb6 17. Qh3 Qxb2 18. Bg7 Rg8 19. Qxh7 O-O-O 20. Rc2 Qb4 21.
Rb1 Qh4 22. Qxh4 Bxh4 23. Bh6 Be7 24. Rcb2 b5 25. Bf4 Na5 26. a4 Nc4 27. Bxc4
dxc4 28. axb5 a5 29. b6 Bb4 30. Bd2 Bc6 31. Be1 Kb7 32. Ne2 Bxe1 33. Rxe1 Rd3
34. Rc2 Bd5 35. Rb1 Rb3 36. Ra1 Kxb6 37. Kf1 Rb8 38. Rca2 Ra8 39. g3 Rb4 40.
Ke1 c3 41. Rc2 Re4 42. Rxc3 Rxe5 43. Kd2 a4 44. Rb1+ Bb3 45. Nc1 Rd8+ 46. Rd3
Red5 47. Rxd5 Rxd5+ 48. Kc3 Rc5+ 49. Kb4 Bc2 50. Ra1 Rb5+ 51. Kc3 Bb3 52. Rb1
Bd5 53. Ra1 Ka5 54. h3 Rb4 55. Ra3 Kb5 56. Kd3 Rb1 57. Kd2 Kb4 58. Re3 Bc4 59.
Kc2 Rxc1+ 60. Kxc1 a3 61. Kb1 a2+ 62. Kb2 Bd5 63. h4 f5 64. Ra3 Kc5 65. Ra4 Kd6
66. f4 Ke7 67. Ra7+ Kd6 68. Rg7 1-0

[Event "VII Trofeo Giovanni Pico A"]
[Site "Mirandola ITA"]
[Date "2014.01.12"]
[Round "5"]
[White "La Venia, Stefano"]
[Black "Garofalo, Sergio"]
[WhiteElo "1997"]
[BlackElo "1789"]
[Result "1-0"]
[PlyCount "51"]
[EventDate "2014.01.10"]

1. e4 e5 2. Nf3 Nc6 3. Bc4 Nf6 4. Ng5 d5 5. exd5 Na5 6. Bb5+ c6 7. dxc6 bxc6 8.
Qf3 Bd7 9. Ba4 Bd6 10. O-O O-O 11. d3 Bg4 12. Qe3 Nd5 13. Qg3 f5 14. f3 Qb6+
15. Kh1 Qb4 16. Bb3 Nxb3 17. axb3 e4 18. Qh4 h6 19. Ra4 Qb6 20. Ne6 e3 21. fxg4
e2 22. Rxf5 Rxf5 23. gxf5 Qb8 24. Re4 Ne7 25. Rxe2 Nxf5 26. Qg4 1-0

[Event "VII Trofeo Giovanni Pico A"]
[Site "Mirandola ITA"]
[Date "2014.01.12"]
[Round "5"]
[White "Lambruschi, Daniele"]
[Black "Di Biccari, Alessandro"]
[WhiteElo "1482"]
[BlackElo "1509"]
[Result "0-1"]
[PlyCount "90"]
[EventDate "2014.01.10"]

1. e4 e5 2. Nf3 Nc6 3. Bc4 Bc5 4. b4 Bxb4 5. c3 Bc5 6. O-O d6 7. d4 exd4 8.
cxd4 Bb6 9. Qb3 Qe7 10. Nc3 Na5 11. Qa4+ Bd7 12. Bb5 Bxb5 13. Qxb5+ c6 14. Qd3
Nf6 15. Ba3 O-O 16. e5 Ne8 17. Rfe1 Qd8 18. e6 fxe6 19. Rxe6 Rf6 20. Re2 Nc7
21. Rae1 Rf7 22. Ne4 Rd7 23. Neg5 g6 24. h4 c5 25. Bb2 c4 26. Qc3 Nb5 27. Qc1
Rc8 28. Re8+ Qxe8 29. Rxe8+ Rxe8 30. Qf4 c3 31. Bc1 c2 32. Qd2 Rde7 33. Qxc2
Bxd4 34. a4 Re2 35. Qd3 Bxf2+ 36. Kh2 Nc7 37. Qxd6 R2e7 38. Bb2 Nc4 39. Qb4
Nxb2 40. Qxb2 Bb6 41. Qf6 Nd5 42. Qd6 Bc7 43. Qxc7 Nxc7 44. Kh3 Ne6 45. Ne4
Nf4+ 0-1

[Event "VII Trofeo Giovanni Pico A"]
[Site "Mirandola ITA"]
[Date "2014.01.12"]
[Round "5"]
[White "Paoli, Walter"]
[Black "Rondelli, Roberto"]
[WhiteElo "1999"]
[BlackElo "1729"]
[Result "1/2-1/2"]
[PlyCount "84"]
[EventDate "2014.01.10"]

1. e4 e6 2. d4 d5 3. Nc3 Nf6 4. e5 Nfd7 5. f4 Be7 6. Nf3 c5 7. Be3 cxd4 8. Nxd4
a6 9. Qd2 Nc6 10. O-O-O Nxd4 11. Bxd4 Qa5 12. Qe3 Bc5 13. Bxc5 Qxc5 14. Qxc5
Nxc5 15. Bd3 b5 16. Ne2 Bb7 17. Nd4 g6 18. g4 Ne4 19. Bxe4 dxe4 20. Rhe1 Bd5
21. b3 h5 22. g5 Ke7 23. Re3 Rhc8 24. Kb2 b4 25. c4 bxc3+ 26. Rxc3 Rxc3 27.
Kxc3 Rc8+ 28. Kb2 Kd7 29. Rc1 Rxc1 30. Kxc1 Kc7 31. Kd2 Kb6 32. Nc2 Kb5 33. Kc3
Kb6 34. Kd4 Kb5 35. Kc3 Kb6 36. a3 a5 37. b4 axb4+ 38. Kxb4 Bb7 39. Ne3 Ba6 40.
a4 Bd3 41. Nd1 Ba6 42. h4 Bf1 1/2-1/2

[Event "VII Trofeo Giovanni Pico A"]
[Site "Mirandola ITA"]
[Date "2014.01.12"]
[Round "5"]
[White "Ravagnani, Tiziano"]
[Black "Khudovekov, Stanislav"]
[WhiteElo "1995"]
[BlackElo "2036"]
[Result "0-1"]
[PlyCount "56"]
[EventDate "2014.01.10"]

1. e4 g6 2. d4 Bg7 3. Nc3 d6 4. Nf3 a6 5. a4 b6 6. Bc4 e6 7. Bg5 Ne7 8. Qd2 h6
9. Be3 Nd7 10. O-O Bb7 11. Rfe1 g5 12. h3 Ng6 13. Bd3 O-O 14. Ra3 c5 15. d5
exd5 16. exd5 f5 17. Bxg5 hxg5 18. Nxg5 Bh6 19. h4 Nxh4 20. f4 Bxg5 21. fxg5
Ne5 22. Qe3 Qd7 23. Qh3 Nhg6 24. Raa1 c4 25. Bxc4 Nxc4 26. Re6 Nf4 27. Qh6 Nxe6
28. dxe6 Qh7 0-1

[Event "VII Trofeo Giovanni Pico A"]
[Site "Mirandola ITA"]
[Date "2014.01.12"]
[Round "5"]
[White "Sacchetti, Andrea"]
[Black "Campini, Marco"]
[WhiteElo "1890"]
[BlackElo "2076"]
[Result "0-1"]
[PlyCount "50"]
[EventDate "2014.01.10"]

1. d4 d5 2. c4 e6 3. Nc3 Be7 4. Nf3 b6 5. cxd5 exd5 6. e3 Nf6 7. Bd3 O-O 8. h3
c5 9. dxc5 bxc5 10. O-O Bb7 11. b3 Nbd7 12. Bb2 Ne4 13. Rc1 f5 14. Bb1 Bf6 15.
Na4 Rc8 16. Qe2 Qa5 17. Qe1 Qa6 18. Qd1 Rfd8 19. Re1 Qe6 20. Bd3 Bc6 21. Ba6
Rc7 22. Bxf6 Qxf6 23. Qd3 Bxa4 24. Qxd5+ Kh8 25. bxa4 Nb8 0-1

[Event "VII Trofeo Giovanni Pico A"]
[Site "Mirandola ITA"]
[Date "2014.01.12"]
[Round "5"]
[White "Santamato, Luigi"]
[Black "Carbone, Lorenzo"]
[WhiteElo "1743"]
[BlackElo "1631"]
[Result "1/2-1/2"]
[PlyCount "46"]
[EventDate "2014.01.10"]

1. d4 d5 2. c4 e6 3. g3 Nf6 4. Bg2 Be7 5. Nf3 O-O 6. O-O Nbd7 7. Qc2 b6 8. Nbd2
a5 9. e4 dxe4 10. Nxe4 Bb7 11. Nfg5 Rb8 12. Rd1 h6 13. Nxf6+ Nxf6 14. Nf3 Be4
15. Qe2 Qe8 16. Bf4 Rc8 17. Be5 Bg6 18. Bxf6 Bxf6 19. Ne5 Bxe5 20. dxe5 Qe7 21.
Rd2 Rcd8 22. Rad1 Rxd2 23. Rxd2 Rd8 1/2-1/2

[Event "VII Trofeo Giovanni Pico A"]
[Site "Mirandola ITA"]
[Date "2014.01.12"]
[Round "5"]
[White "Sasdelli, Massimo"]
[Black "Benedetti, Maurizio"]
[WhiteElo "1842"]
[BlackElo "1755"]
[Result "1-0"]
[PlyCount "75"]
[EventDate "2014.01.10"]

1. c4 e6 2. g3 d5 3. Bg2 Nf6 4. Nf3 Nc6 5. b3 Bd6 6. Bb2 O-O 7. O-O dxc4 8.
bxc4 e5 9. Nc3 Be6 10. d3 h6 11. Rb1 a6 12. Nd2 Be7 13. Ba1 Rb8 14. Na4 Qd7 15.
Re1 Ng4 16. Ne4 b6 17. h3 Nf6 18. Nxf6+ Bxf6 19. Kh2 Nd4 20. Nc3 Rfd8 21. Nd5
Bxd5 22. Bxd5 b5 23. Qc1 c6 24. Bg2 Bg5 25. e3 Qf5 26. f4 exf4 27. gxf4 Bh4 28.
Bxd4 Bxe1 29. Be4 Qe6 30. Qxe1 bxc4 31. Rxb8 Rxb8 32. Qg3 f6 33. f5 Qe8 34.
Bxc6 Qc8 35. Bxf6 Qf8 36. Bd5+ Kh7 37. Qg6+ Kh8 38. Qxh6# 1-0

[Event "VII Trofeo Giovanni Pico A"]
[Site "Mirandola ITA"]
[Date "2014.01.12"]
[Round "5"]
[White "Vincenzi, Marco"]
[Black "Cavicchi, Francesco"]
[WhiteElo "2062"]
[BlackElo "1705"]
[Result "1-0"]
[PlyCount "69"]
[EventDate "2014.01.10"]

1. e4 d5 2. exd5 Qxd5 3. Nc3 Qd6 4. d4 Nf6 5. Nf3 c6 6. Ne5 Nbd7 7. Nc4 Qc7 8.
g3 Nb6 9. Bf4 Qd8 10. Ne5 h6 11. Bg2 g5 12. Be3 Bg7 13. h4 gxh4 14. Rxh4 Nbd5
15. Qd2 Nxe3 16. Qxe3 Qa5 17. O-O-O Nd5 18. Bxd5 cxd5 19. Re1 Qd8 20. Kb1 Qd6
21. Nb5 Qd8 22. Qf4 Be6 23. Ng6 Qa5 24. Nc3 Rg8 25. Ne5 Rc8 26. Qe3 Bxe5 27.
Qxe5 Rxc3 28. bxc3 Qxc3 29. Re3 Qc4 30. Rf4 Rg5 31. Qb8+ Bc8 32. Qxa7 Rh5 33.
Qa3 Qf1+ 34. Kb2 Be6 35. Rxe6 1-0

[Event "VII Trofeo Giovanni Pico B"]
[Site "Mirandola ITA"]
[Date "2014.01.10"]
[Round "1"]
[White "Cassanelli, Emma"]
[Black "Minelli, Giancarlo"]
[Result "0-1"]
[WhiteElo "1335"]
[BlackElo "1449"]
[PlyCount "72"]
[EventDate "2014.01.10"]

1. e4 c5 2. Nf3 Nc6 3. Bc4 e5 4. Nc3 d6 5. h3 Nf6 6. d3 h6 7. Be3 b6 8. Qd2 Be7
9. O-O a6 10. Bd5 Qc7 11. Bb3 Bd7 12. Nd5 Nxd5 13. Bxd5 b5 14. d4 Rb8 15. dxe5
Nxe5 16. Nxe5 dxe5 17. c4 O-O 18. Rac1 Rfd8 19. Qe2 Qd6 20. Qh5 Be6 21. f4 Bf6
22. fxe5 Bxe5 23. Bxe6 Qxe6 24. Bxc5 Bxb2 25. Rc2 Bd4+ 26. Kh1 Bxc5 27. Qxc5
bxc4 28. Rxc4 Rbc8 29. Qb4 Rxc4 30. Qxc4 Qxc4 31. Re1 Qxa2 32. e5 Rd2 33. Rg1
a5 34. h4 Rxg2 35. Rxg2 Qxg2+ 36. Kxg2 a4 0-1